000 00941nam a22001937a 4500
999 _c23267
_d23267
003 NUST
005 20170614111305.0
008 170614b xxu||||| |||| 00| 0 eng d
020 _a8178085348
040 _aDLC
_bDLC
_cRCMS
082 _a621.43 CHO
100 _aHIH Saravanamuttoo, GFC Rogers, H Cohen
_92644
245 _aGas Turbine Theory
_cH Cohen
250 _a5th, ed.
260 _aIndia
_bPearson Education
_cc.2001
300 _axiv,491,p:
_bill:
_c30,cm.
504 _aIncludes index.
538 _iShelf No 1 Row No 6
650 _aMechanical & aerospace engineering
_92645
856 _3Table of Content Only
942 _cBK
_2ddc